Statistics for Flags of Panama's Provinces/Territories

Click here to take the quiz!

General Stats

  • This quiz has been taken 30 times
  • The average score is 8 of 12

Answer Stats

Answer% Correct
Bocas del Toro
80%
Chiriquí
80%
Colón
80%
Herrera
70%
Panamá Oeste
70%
Veraguas
70%
Coclé
60%
Darién
60%
Guna Yala
60%
Los Santos
40%
Naso Tjër Di
40%
Ngäbe-Buglé
40%

Score Distribution

Percentile by Number Answered

Percent of People with Each Score

Your Score History

You have not taken this quiz